| 000 | 01301cam a22003257a 4500 | ||
|---|---|---|---|
| 003 | CHAP | ||
| 005 | 20220817040903.0 | ||
| 008 | 971013s1988 r 00010 d | ||
| 010 | _a2154 | ||
| 011 | _a3126 | ||
| 035 | _a2326 | ||
| 040 | _cCHAP | ||
| 082 |
_a581.151 _bC4 |
||
| 110 | _aCentro Internacional de Mejoramiento de Maíz y Trigo | ||
| 245 | 0 |
_aRecent advances in the conservation and utilization of genetic resources _b: proceedings of the global maize germplasm workshop _c/by Centro Internacional de Mejoramiento de Maíz y Trigo |
|
| 260 |
_aMéxico, D. F. : _bCentro Internacional de Mejoramiento de Maíz y Trigo, _c1988. |
||
| 300 |
_a184 p. _b: ilus. |
||
| 590 |
_aBATCH-UPD _b10 _c20130110 _lUCH01 _h2023 |
||
| 590 |
_aBATCH-UPD _b10 _c20130410 _lUCH01 _h1341 |
||
| 590 |
_aBATCH-UPD _b10 _c20130914 _lUCH01 _h1747 |
||
| 590 |
_aCONVERSION _b10 _c20130109 _lUCH01 _h1302 |
||
| 650 | 1 | 4 |
_aMaíz _xGermoplasma. _970966 |
| 650 | 1 | 4 |
_aRecursos genéticos _xConservación. _995081 |
| 710 | 0 |
_aINIFAP. México. _958722 |
|
| 901 | _aBK | ||
| 942 | _cLIBRO | ||
| 949 |
_a581.151 C4 _bBC _cLIBRO _d33724000544748 _eLIBRO _fc.2 _h80767 _i2326 _si |
||
| 949 |
_a581.151 C4 _bBC _cLIBRO _d33724000547170 _eLIBRO _h79664 _i2326 _si |
||
| 949 |
_a581.151 C4 _bBC _cLIBRO _d33724000723961 _eLIBRO _fc.3 _h94757 _i2326 _sb |
||
| 999 |
_c2154 _d2154 |
||